[Event "TCh-ROU Superliga"]
[Site "Predeal ROU"]
[Date "2007.10.17"]
[Round "5"]
[White "Vajda, L."]
[Black "Iordachescu, V."]
[Result "1/2-1/2"]
[WhiteElo "2564"]
[BlackElo "2567"]
[PlyCount "27"]
[EventDate "2007.10.13"]
[Source "www.chesslib.no"]
[SourceDate "2004.05.04"]

1. e4 c6 2. d4 d5 3. exd5 cxd5 4. c4 Nf6 5. Nc3 g6 6. cxd5 Nxd5 7. Qb3 Nb6 8. Bb5+ Bd7 9. a4 Nc6 10. Nf3 Na5 11. Qb4 Nc6 12. Qb3 Na5 13. Qb4 Nc6 14. Qb3 1/2-1/2

[Event "otb"]
[Site "otb"]
[Date "2007.05.20"]
[Round "4.3"]
[White "Pavasovic Dusko"]
[Black "Zelcic Robert"]
[Result "1/2-1/2"]
[WhiteElo "2567"]
[BlackElo "2554"]
[PlyCount "104"]
[Source "www.chesslib.no"]
[SourceDate "2004.05.04"]

1. e4 c6 2. d4 d5 3. exd5 cxd5 4. c4 Nf6 5. Nc3 g6 6. Qb3 Bg7 7. cxd5 O-O 8. Nge2 Na6 9. g3 Qb6 10. Qxb6 axb6 11. Bg2 Nb4 12. O-O Rd8 13. d6 Rxd6 14. Bf4 Rd7 15. Be5 Nfd5 16. a3 Nxc3 17. bxc3 Nc6 18. Bxg7 Kxg7 19. Rfb1 Ra6 20. Nf4 Rd8 21. Nd5 e5 22. dxe5 Nxe5 23. Rxb6 Be6 24. Rb5 Rad6 25. Ne3 Nc4 26. Bf3 Nxe3 27. fxe3 b6 28. Rb4 Rc8 29. Rd4 Rxd4 30. cxd4 Rc3 31. Kf2 Rc2+ 32. Be2 Bg4 33. Re1 Ra2 34. e4 h5 35. h4 Bd7 36. Rb1 Bg4 37. Re1 b5 38. Ke3 Bxe2 39. Rxe2 Rxa3+ 40. Kf4 Rb3 41. d5 b4 42. Rd2 Kf8 43. Rd4 Ke7 44. e5 Rb1 45. Kg5 b3 46. Rb4 b2 47. Rb7+ Kf8 48. Kh6 Rd1 49. Rb8+ Ke7 50. Rb7+ Ke8 51. Rb8+ Ke7 52. Rb7+ Ke8 1/2-1/2

[Event "RUS-ch"]
[Site "Elista"]
[Date "1995.??.??"]
[Round "5"]
[White "Dolmatov, Sergey"]
[Black "Burmakin, Vladimir"]
[Result "1/2-1/2"]
[WhiteElo "2615"]
[BlackElo "2500"]
[PlyCount "101"]
[EventDate "1995.10.??"]
[Source "ChessBase"]

1. e4 c6 2. d4 d5 3. exd5 cxd5 4. c4 Nf6 5. Nc3 g6 6. Qb3 Bg7 7. cxd5 O-O 8. Be2 Na6 9. Bf3 Qb6 10. Qxb6 axb6 11. Nge2 Nb4 12. O-O Rd8 13. d6 Rxd6 14. Bf4 Rd7 15. Rfd1 Nfd5 16. Bg3 Nxc3 17. bxc3 Nc6 18. Nf4 Ra5 19. h4 Kf8 20. a4 e5 21. dxe5 Nxe5 22. Bd5 Nc6 23. Bb3 Bxc3 24. Rac1 Rxd1+ 25. Rxd1 Be5 26. Kh2 Bf5 27. Ne2 Bxg3+ 28. Nxg3 Ke7 29. Nxf5+ Rxf5 30. Kg3 b5 31. axb5 Rxb5 32. Bd5 Rc5 33. Be4 b5 34. Ra1 Kd6 35. Kf4 h6 36. Rd1+ Kc7 37. Bd5 f6 38. Ke4 Ne7 39. Bf7 g5 40. hxg5 hxg5 41. f4 Nc8 42. Kd4 Rc2 43. fxg5 fxg5 44. Bd5 Ne7 45. Be4 Nc6+ 46. Kd5 Rc4 47. g4 Kb6 48. Bf5 Rf4 49. Bd7 Ne7+ 50. Kd6 Ng6 51. Bf5 1/2-1/2

[Event "9. International Chess Festival"]
[Site "?"]
[Date "2005.06.20"]
[Round "8"]
[White "Amonatov Farrukh"]
[Black "Alavkin Arseny"]
[Result "1-0"]
[WhiteElo "2599"]
[BlackElo "2501"]
[PlyCount "49"]
[EventDate "2005.??.??"]
[Source "www.chesslib.no"]
[SourceDate "2004.05.04"]

1. e4 c6 2. d4 d5 3. exd5 cxd5 4. c4 Nf6 5. Nc3 g6 6. Qb3 Bg7 7. cxd5 O-O 8. Nge2 Na6 9. Nf4 Nc7 10. Be2 b5 11. O-O Rb8 12. Bf3 Bb7 13. a3 Qd6 14. Re1 g5 15. Nd3 Nfxd5 16. Ne4 Qg6 17. Nxg5 Bxd4 18. Re4 Bg7 19. Rg4 Qf5 20. Rg3 Nf6 21. Bf4 Bd5 22. Bxd5 Nfxd5 23. Be5 Bxe5 24. Nxe5 Kh8 25. Qd3 1-0

[Event "NED-ch op 5'"]
[Site "?"]
[Date "2003.02.15"]
[Round "?"]
[White "Smeets Jan"]
[Black "Seirawan Yasser"]
[Result "0-1"]
[WhiteElo "2465"]
[BlackElo "2635"]
[PlyCount "56"]
[EventDate "2003.??.??"]
[Source "www.chesslib.no"]
[SourceDate "2004.05.04"]

1. e4 c6 2. d4 d5 3. exd5 cxd5 4. c4 Nf6 5. Nc3 g6 6. Qb3 Nbd7 7. cxd5 Nb6 8. Be2 Nfxd5 9. Bb5+ Bd7 10. Nxd5 Nxd5 11. Bc4 Bc6 12. Nf3 Bg7 13. O-O O-O 14. Ne5 e6 15. Nxc6 bxc6 16. Rd1 Rb8 17. Qf3 Qb6 18. Qe4 Rfd8 19. Bg5 Rd7 20. Rd2 h6 21. Be3 Rbd8 22. Rad1 Qb4 23. Bb3 Nxe3 24. fxe3 c5 25. Rf2 cxd4 26. Rxf7 Rxf7 27. Qf4 e5 28. Qxd4 exd4 0-1

[Event "Novgorod op"]
[Site "Novgorod"]
[Date "1999.03.19"]
[Round "10"]
[White "Dolmatov, Sergey"]
[Black "Yevseev, Denis"]
[Result "1/2-1/2"]
[WhiteElo "2589"]
[BlackElo "2503"]
[PlyCount "31"]
[EventDate "1999.03.19"]
[Source "ChessBase"]
[SourceDate "1999.05.10"]

1. e4 c6 2. d4 d5 3. exd5 cxd5 4. c4 Nf6 5. Nc3 g6 6. Qb3 Bg7 7. cxd5 O-O 8. Be2 Na6 9. Bf3 Qb6 10. Qxb6 axb6 11. Nge2 Nb4 12. O-O Rd8 13. d6 Rxd6 14. Bf4 Rd7 15. Be5 Ra5 16. Rfd1 1/2-1/2

[Event "Oslo"]
[Site "Oslo"]
[Date "1992.??.??"]
[Round "5"]
[White "Rozentalis, Eduardas"]
[Black "Malisauskas, Vidmantas"]
[Result "1/2-1/2"]
[WhiteElo "2585"]
[BlackElo "2490"]
[PlyCount "45"]
[EventDate "1992.04.??"]
[Source "ChessBase"]

1. e4 c6 2. d4 d5 3. exd5 cxd5 4. c4 Nf6 5. Nc3 g6 6. Bg5 Ne4 7. Be3 Nxc3 8. bxc3 Bg7 9. Nf3 O-O 10. cxd5 Qxd5 11. Be2 Qa5 12. Qd2 b6 13. O-O Na6 14. Bxa6 Bxa6 15. Bh6 Rac8 16. Rac1 Rc7 17. Bxg7 Kxg7 18. Rfe1 Rfc8 19. h4 Rxc3 20. Rxc3 Qxc3 21. Qg5 Rc7 22. h5 Bd3 23. hxg6 1/2-1/2

[Event "XV op"]
[Site "Ljubjana"]
[Date "2004.07.13"]
[Round "5"]
[White "Kovacevic, Aleksandar"]
[Black "Zelcic, Robert"]
[Result "1/2-1/2"]
[WhiteElo "2551"]
[BlackElo "2521"]
[PlyCount "55"]
[EventDate "2004.07.10"]
[Source "Roberto Alvarez"]
[SourceDate "2003.08.04"]

1. e4 c6 2. d4 d5 3. exd5 cxd5 4. c4 Nf6 5. Nc3 g6 6. cxd5 Nxd5 7. Qb3 Nb6 8. Bb5+ Bd7 9. a4 Bg7 10. a5 Nc8 11. Nf3 Nd6 12. Bxd7+ Nxd7 13. Bf4 O-O 14. Bxd6 exd6 15. O-O Rb8 16. Nb5 a6 17. Nxd6 b6 18. axb6 Rxb6 19. Qa3 Qc7 20. Ne4 Qc2 21. Qa4 Qxe4 22. Qxd7 Qa8 23. Ra2 Rd8 24. Qc7 Rbd6 25. Rfa1 Bxd4 26. Rxa6 Rxa6 27. Rxa6 Qc8 28. Rc6 1/2-1/2

[Event "Masters"]
[Site "Abu Dhabi"]
[Date "2004.08.17"]
[Round "4"]
[White "Kotsur, Pavel"]
[Black "Mahjoob, Morteza"]
[Result "0-1"]
[WhiteElo "2607"]
[BlackElo "2464"]
[PlyCount "128"]
[EventDate "2004.08.14"]
[Source "Roberto Alvarez"]
[SourceDate "2004.08.30"]

1. e4 c6 2. d4 d5 3. exd5 cxd5 4. c4 Nf6 5. Nc3 g6 6. cxd5 Bg7 7. Bb5+ Nbd7 8. d6 exd6 9. Qe2+ Qe7 10. Bf4 Qxe2+ 11. Bxe2 Ke7 12. Bf3 Nb6 13. Nge2 h6 14. h4 Be6 15. Bxb7 Rab8 16. Bf3 Nbd5 17. Bc1 Rhc8 18. O-O Nb4 19. Bd2 Nfd5 20. Rfc1 Nxc3 21. bxc3 Nd3 22. Rcb1 Nb2 23. Nf4 Bf5 24. Re1+ Kf8 25. g4 Nc4 26. Bc1 Bd7 27. Nd5 Rb5 28. Bf4 Be6 29. Ne3 Rb6 30. a4 Nd2 31. Bg2 a5 32. Nd5 Bxd5 33. Bxd5 Nc4 34. Rab1 Kg8 35. Kg2 Bf8 36. Kg3 Nb2 37. Bd2 Nxa4 38. c4 Rcb8 39. Ra1 Rb3+ 40. Re3 Rxe3+ 41. fxe3 Nb6 42. Rxa5 Rc8 43. Ra7 Nxd5 44. cxd5 Rc2 45. Be1 Re2 46. Bf2 Rb2 47. Kf3 Rb5 48. Ke4 Rb8 49. Bg3 Rd8 50. h5 Kg7 51. Kf3 gxh5 52. gxh5 Rb8 53. Ra6 Rd8 54. Kf4 Be7 55. Kf5 Bf8 56. e4 Kg8 57. Bf4 Kg7 58. e5 dxe5 59. Bxh6+ Kg8 60. Bxf8 exd4 61. Bd6 d3 62. Be5 d2 63. Ra1 f6 64. Bxf6 Rxd5+ 0-1

[Event "It (open)"]
[Site "?"]
[Date "2005.05.06"]
[Round "8"]
[White "Kovacevic Aleksandar"]
[Black "Zelcic Robert"]
[Result "0-1"]
[WhiteElo "2550"]
[BlackElo "2514"]
[PlyCount "106"]
[EventDate "2005.??.??"]
[Source "www.chesslib.no"]
[SourceDate "2004.05.04"]

1. e4 c6 2. d4 d5 3. exd5 cxd5 4. c4 Nf6 5. Nc3 g6 6. Qb3 Bg7 7. cxd5 O-O 8. Be2 Na6 9. Bf3 Qb6 10. Qxb6 axb6 11. Nge2 Nb4 12. O-O Rd8 13. d6 Rxd6 14. Bf4 Rd7 15. Be5 Nfd5 16. Nxd5 Nxd5 17. Bxg7 Kxg7 18. Rfc1 Rd8 19. Bxd5 Rxd5 20. Rc7 e5 21. Rac1 exd4 22. Rxc8 d3 23. Rxa8 dxe2 24. Re1 Rd1 25. f3 Rxe1+ 26. Kf2 Rb1 27. Re8 Rxb2 28. Rxe2 Rb5 29. Re7 Ra5 30. Re2 Kf6 31. Rb2 b5 32. Ke3 Ke5 33. Kd3 Ra3+ 34. Ke2 Kd6 35. Kf2 Ra4 36. g4 Kc5 37. g5 h6 38. gxh6 Rh4 39. Kg3 Rxh6 40. Rc2+ Kb6 41. Rd2 g5 42. Kg4 f6 43. Kf5 Kc5 44. Re2 Kd4 45. Rb2 Kc4 46. Rc2+ Kb4 47. Rb2+ Ka4 48. Ke6 b4 49. Kf5 b5 50. Ke6 b3 51. axb3+ Ka3 52. Rb1 b4 53. Kf5 Rxh2 0-1

[Event "Tula 75/111"]
[Site "?"]
[Date "1999.??.??"]
[Round "?"]
[White "Voitsekhovsky, Stanislav"]
[Black "Yevseev, Denis"]
[Result "1-0"]
[WhiteElo "2558"]
[BlackElo "2503"]
[PlyCount "135"]
[EventDate "1999.??.??"]
[Source "ChessBase"]
[SourceDate "1999.02.01"]

1. e4 c6 2. d4 d5 3. exd5 cxd5 4. c4 Nf6 5. Nc3 g6 6. Qb3 Bg7 7. cxd5 O-O 8. Be2 Na6 9. Bf3 Qb6 10. Qxb6 axb6 11. Nge2 Nb4 12. O-O Rd8 13. d6 Rxd6 14. Bf4 Rd7 15. Rfd1 Nfd5 16. Bg3 Nxc3 17. bxc3 Nc6 18. Nf4 Ra5 19. h4 Kf8 20. Rab1 e5 21. dxe5 Nxe5 22. Bd5 Rc5 23. Bb3 Rxd1+ 24. Rxd1 Rxc3 25. Nd5 Rd3 26. Re1 f6 27. Nxb6 Bf5 28. Na4 Rd7 29. Nc5 Rc7 30. Ne4 Re7 31. f3 h5 32. Nd6 Bh6 33. Nxf5 gxf5 34. Kf1 f4 35. Bf2 Rd7 36. Rc1 Kg7 37. Be6 Re7 38. Bf5 b5 39. Rc5 Nc4 40. Rxb5 Ne3+ 41. Bxe3 fxe3 42. Be4 Ra7 43. Rb7+ Rxb7 44. Bxb7 Bf4 45. a4 Bc7 46. Ke2 Bb6 47. f4 Kg6 48. Bf3 Kf5 49. g3 Kg6 50. Kd3 Ba5 51. Kxe3 f5 52. Bc6 Be1 53. Be8+ Kh6 54. Kf3 Ba5 55. Ke3 Be1 56. Kd4 Bxg3 57. Ke5 Bxh4 58. a5 Bf2 59. Kxf5 h4 60. Kf6 Bd4+ 61. Kf7 h3 62. a6 h2 63. Bc6 Be3 64. f5 Kg5 65. Ke6 Kh6 66. f6 Kh7 67. Kf7 Bd4 68. Ke8 1-0

[Event "St Petersburg vs. Moscow"]
[Site "St Petersburg"]
[Date "2003.05.03"]
[Round "1"]
[White "Potkin, Vladimir"]
[Black "Novik, Maxim"]
[Result "1/2-1/2"]
[WhiteElo "2522"]
[BlackElo "2527"]
[PlyCount "41"]
[EventDate "2003.05.03"]
[Source "Roberto Alvarez"]
[SourceDate "2003.05.12"]

1. e4 c6 2. d4 d5 3. exd5 cxd5 4. c4 Nf6 5. Nc3 g6 6. Qb3 Bg7 7. cxd5 O-O 8. Be2 Nbd7 9. Bf3 Nb6 10. Bg5 h6 11. Bxf6 exf6 12. Nge2 f5 13. O-O Bd7 14. Rfd1 Qb8 15. a4 Nc8 16. d6 Nxd6 17. Nf4 Kh7 18. Rac1 h5 19. Rc2 Qd8 20. Qa3 Be8 21. Nd3 1/2-1/2

[Event "Pinamar Masters 2nd"]
[Site "Pinamar"]
[Date "2002.03.22"]
[Round "3"]
[White "Pavasovic, Dusko"]
[Black "Slipak, Sergio"]
[Result "1/2-1/2"]
[WhiteElo "2547"]
[BlackElo "2498"]
[PlyCount "42"]
[EventDate "2002.03.21"]
[Source "ChessBase"]
[SourceDate "2002.03.21"]

1. e4 c6 2. d4 d5 3. exd5 cxd5 4. c4 Nf6 5. Nc3 g6 6. cxd5 Nxd5 7. Qb3 Nb6 8. d5 Bg7 9. Be3 O-O 10. Rd1 Na6 11. Bxa6 bxa6 12. Nge2 a5 13. Qb5 Qd7 14. Qxa5 Nc4 15. Qb4 Ba6 16. Bf4 Nxb2 17. Qxb2 Bxe2 18. Qxe2 Bxc3+ 19. Bd2 Bg7 20. Be3 Bc3+ 21. Bd2 Bg7 1/2-1/2

[Event "Wroxham Masters"]
[Site "Wroxham"]
[Date "2002.03.14"]
[Round "8"]
[White "Bauer, Christian"]
[Black "Arkell, Keith C"]
[Result "1/2-1/2"]
[WhiteElo "2578"]
[BlackElo "2463"]
[PlyCount "67"]
[EventDate "2002.03.09"]
[Source "ChessBase"]
[SourceDate "2002.05.03"]

1. e4 c6 2. d4 d5 3. exd5 cxd5 4. c4 Nf6 5. Nc3 g6 6. Qb3 Bg7 7. cxd5 O-O 8. Nge2 Na6 9. g3 Qb6 10. Qxb6 axb6 11. Bg2 Nb4 12. O-O Rd8 13. d6 Rxd6 14. Bf4 Rd7 15. Be5 Nbd5 16. Rfe1 Rd8 17. Nf4 Nxf4 18. Bxf4 e6 19. Rad1 Ne8 20. d5 h6 21. dxe6 Bxe6 22. Bxb7 Rxd1 23. Rxd1 Ra7 24. Bd5 Bxc3 25. bxc3 Rd7 26. c4 Nf6 27. Bf3 Rxd1+ 28. Bxd1 Bxc4 29. a4 h5 30. Be3 Nd5 31. Bd4 Kf8 32. Bf3 Ke7 33. Bxd5 Bxd5 34. Bxb6 1/2-1/2

[Event "SUI-ch int"]
[Site "Luzern"]
[Date "1994.??.??"]
[Round "10"]
[White "Sermek, Drazen"]
[Black "Brunner, Lucas"]
[Result "1-0"]
[WhiteElo "2515"]
[BlackElo "2525"]
[PlyCount "117"]
[EventDate "1994.??.??"]
[Source "ChessBase"]

1. e4 c6 2. d4 d5 3. exd5 cxd5 4. c4 Nf6 5. Nc3 g6 6. Qb3 Bg7 7. cxd5 O-O 8. Be2 Na6 9. Bf3 Qb6 10. Qxb6 axb6 11. Nge2 Nb4 12. O-O Rd8 13. d6 Rxd6 14. Bf4 Rd7 15. Rfd1 Nfd5 16. Bg3 e6 17. a3 Nxc3 18. bxc3 Nc2 19. Rab1 Ra6 20. a4 Na3 21. Rb3 Bf8 22. Ra1 Nc4 23. Ra2 e5 24. h3 Rd8 25. Rb5 exd4 26. cxd4 Na3 27. Rb3 Rxa4 28. Rxb6 Ra6 29. Rab2 Rxb6 30. Rxb6 Nc4 31. Rb5 Rd7 32. Bg4 f5 33. Bf3 Kg7 34. Bd5 Na3 35. Be5+ Kh6 36. Bf4+ Kg7 37. Be5+ Kh6 38. Ra5 Bb4 39. Ra8 Rxd5 40. Rxc8 Rd7 41. f4 Nb5 42. g4 Bd6 43. Kf2 Bxe5 44. dxe5 Kg7 45. gxf5 gxf5 46. Ng3 Nd4 47. Ke3 Kg6 48. Rf8 b5 49. Rf6+ Kg7 50. Rd6 Rxd6 51. exd6 Nc2+ 52. Kd3 Nb4+ 53. Kd4 Kf6 54. Kc5 Na6+ 55. Kb6 Nb8 56. Kc7 Na6+ 57. Kc8 Nc5 58. d7 Ne6 59. Ne2 1-0

[Event "Altensteig"]
[Site "Altensteig"]
[Date "1989.??.??"]
[Round "?"]
[White "Wahls, Matthias"]
[Black "Kosten, Anthony C"]
[Result "1-0"]
[WhiteElo "2535"]
[BlackElo "2500"]
[PlyCount "85"]
[EventDate "1989.07.??"]
[Source "ChessBase"]

1. e4 c6 2. d4 d5 3. exd5 cxd5 4. c4 Nf6 5. Nc3 g6 6. Qb3 Bg7 7. cxd5 Nbd7 8. g3 Nb6 9. Bg2 Bf5 10. Qb5+ Bd7 11. Qa5 O-O 12. Nge2 Bg4 13. Nf4 Ne8 14. Be3 Nd6 15. b3 Rc8 16. Rc1 Qc7 17. O-O Qb8 18. h3 Bf5 19. Rfd1 Rc7 20. Nfe2 h6 21. Nb5 Rxc1 22. Rxc1 Nxb5 23. Qxb5 Qd6 24. Rc5 g5 25. a4 Qg6 26. Qb4 Be4 27. Bxe4 Qxe4 28. Nc3 Qf3 29. Rc7 Nc8 30. Qxb7 Nd6 31. Qa6 Bf6 32. Qe2 Qf5 33. g4 Qg6 34. b4 Ra8 35. b5 Kg7 36. Qd1 h5 37. gxh5 Qh6 38. Qg4 Kh7 39. Ne4 Nxe4 40. Qxe4+ Kg7 41. Qg4 Rd8 42. h4 Rxd5 43. Rc5 1-0

[Event "EUCup qual"]
[Site "GER"]
[Date "1989.??.??"]
[Round "?"]
[White "Wahls, Matthias"]
[Black "Hickl, Joerg"]
[Result "1/2-1/2"]
[WhiteElo "2535"]
[BlackElo "2500"]
[PlyCount "59"]
[EventDate "1989.??.??"]
[Source "ChessBase"]
[SourceDate "1999.07.01"]

1. e4 c6 2. d4 d5 3. exd5 cxd5 4. c4 Nf6 5. Nc3 g6 6. Qb3 Bg7 7. cxd5 O-O 8. Be2 Na6 9. Bf3 Qb6 10. Qxb6 axb6 11. Nge2 Nb4 12. O-O Rd8 13. d6 exd6 14. Bg5 h6 15. Bxf6 Bxf6 16. Rfd1 Kg7 17. a3 Nc6 18. Nd5 Ra6 19. Rac1 Bd7 20. Nxf6 Kxf6 21. Nc3 Kg7 22. Nb5 Be8 23. Nc3 Ra5 24. Rd3 h5 25. h4 Bd7 26. g3 Bg4 27. Bg2 d5 28. Re1 Be6 29. Bf3 b5 30. Ne2 1/2-1/2

[Event "EACC"]
[Site "Gijon"]
[Date "1988.??.??"]
[Round "?"]
[White "Blatny, Pavel"]
[Black "Adorjan, Andras"]
[Result "1/2-1/2"]
[WhiteElo "2490"]
[BlackElo "2540"]
[PlyCount "81"]
[EventDate "1988.??.??"]
[Source "www.chesslib.no"]
[SourceDate "2004.05.04"]

1. e4 c6 2. d4 d5 3. exd5 cxd5 4. c4 Nf6 5. Nc3 g6 6. cxd5 Nxd5 7. Qb3 Nb6 8. d5 Bg7 9. Be3 O-O 10. Rd1 Na6 11. Be2 Qd6 12. Bf3 Nc5 13. Qa3 Nca4 14. Qxd6 exd6 15. Nxa4 Nxa4 16. b3 Nc3 17. Rd2 Nb1 18. Rd1 Nc3 19. Rd2 Bd7 20. Ne2 Nxe2 21. Kxe2 Bb5+ 22. Kd1 Rfc8 23. Be2 Bd7 24. Bd3 Rc3 25. Ke2 Re8 26. Rc2 Rxc2+ 27. Bxc2 Bd4 28. Rc1 Bxe3 29. fxe3 Rc8 30. Kd2 Kg7 31. b4 Bb5 32. g3 Rc7 33. a4 Bd7 34. Rf1 b6 35. b5 f6 36. e4 Be8 37. Bb3 Rc5 38. Kd3 g5 39. Kd4 Bh5 40. Ra1 Bg6 41. Re1 1/2-1/2

[Event "Najdorf final KO"]
[Site "Buenos Aires"]
[Date "2000.09.14"]
[Round "3.4"]
[White "Spangenberg, Hugo"]
[Black "Ricardi, Pablo"]
[Result "1-0"]
[WhiteElo "2542"]
[BlackElo "2488"]
[PlyCount "97"]
[EventDate "2000.09.09"]
[Source "ChessBase"]
[SourceDate "2000.11.21"]

1. e4 c6 2. c4 d5 3. exd5 cxd5 4. d4 Nf6 5. Nc3 g6 6. cxd5 Bg7 7. Bc4 O-O 8. Qf3 Nbd7 9. h3 Nb6 10. Bb3 a5 11. a3 a4 12. Ba2 Ra5 13. Bd2 Nbxd5 14. Nxd5 Nxd5 15. Bxa5 Qxa5+ 16. Kf1 Be6 17. Rd1 Rc8 18. Bb1 Qb6 19. Ne2 Qxb2 20. Be4 Qb3 21. Rb1 Qxf3 22. Bxf3 Nc3 23. Rxb7 Nxe2 24. Kxe2 Bxd4 25. Rb4 Bc5 26. Rxa4 Rb8 27. Ra8 Rxa8 28. Bxa8 Bxa3 29. Rd1 Bd6 30. Bd5 Bxd5 31. Rxd5 h5 32. Kd3 Kg7 33. Rb5 Kf6 34. Ke4 Ba3 35. Kd5 Kg7 36. Kc6 Kf6 37. Kd7 Bd6 38. Rb3 Kg7 39. Rf3 Bc5 40. Ke8 f5 41. Kd7 Kf6 42. Kc6 Bd4 43. Kd5 e5 44. Ra3 Bxf2 45. Ra6+ Kg5 46. Kxe5 Bg3+ 47. Ke6 Kh4 48. Kf6 Bf2 49. Ra3 1-0

[Event "Rovinj/Zagreb"]
[Site "Zagreb"]
[Date "1975.??.??"]
[Round "2"]
[White "Minic, Dragoljub"]
[Black "Tseshkovsky, Vitaly"]
[Result "1/2-1/2"]
[WhiteElo "2475"]
[BlackElo "2555"]
[PlyCount "25"]
[EventDate "1975.??.??"]
[Source "ChessBase"]

1. e4 c6 2. d4 d5 3. exd5 cxd5 4. c4 Nf6 5. Nc3 g6 6. cxd5 Nxd5 7. Qb3 Nb6 8. Bb5+ Bd7 9. Nf3 Bg7 10. a4 O-O 11. Bxd7 Qxd7 12. a5 Nc8 13. O-O 1/2-1/2

[Event "otb"]
[Site "otb"]
[Date "2007.05.05"]
[Round "3"]
[White "Belikov Vladimir"]
[Black "Novik Maxim"]
[Result "1/2-1/2"]
[WhiteElo "2564"]
[BlackElo "2466"]
[PlyCount "28"]
[Source "www.chesslib.no"]
[SourceDate "2004.05.04"]

1. e4 c6 2. d4 d5 3. exd5 cxd5 4. c4 Nf6 5. Nc3 g6 6. Qb3 Bg7 7. cxd5 O-O 8. Be2 Na6 9. Bf4 Qa5 10. Nf3 Nb4 11. O-O Nbxd5 12. Nxd5 Nxd5 13. Bd2 Qd8 14. Rac1 Nb6 1/2-1/2

[Event "TCh-FRA Nat1 GpB"]
[Site "?"]
[Date "2004.04.01"]
[Round "4"]
[White "Guidarelli Laurent"]
[Black "David Alberto"]
[Result "1/2-1/2"]
[WhiteElo "2449"]
[BlackElo "2580"]
[PlyCount "23"]
[EventDate "2004.??.??"]
[Source "www.chesslib.no"]
[SourceDate "2004.05.04"]

1. e4 c6 2. d4 d5 3. exd5 cxd5 4. c4 Nf6 5. Nc3 g6 6. cxd5 Bg7 7. Qb3 O-O 8. Be2 Na6 9. Bf3 Qb6 10. Nge2 Rd8 11. O-O Qxb3 12. axb3 1/2-1/2

[Event "RUS-ch51"]
[Site "St Petersburg"]
[Date "1998.07.31"]
[Round "4"]
[White "Ulibin, Mikhail"]
[Black "Yevseev, Denis"]
[Result "0-1"]
[WhiteElo "2555"]
[BlackElo "2470"]
[PlyCount "122"]
[EventDate "1998.07.28"]
[Source "ChessBase"]
[SourceDate "1998.11.30"]

1. e4 c6 2. d4 d5 3. exd5 cxd5 4. c4 Nf6 5. Nc3 g6 6. Qb3 Bg7 7. cxd5 O-O 8. Be2 Na6 9. Bf4 Qb6 10. Qxb6 axb6 11. d6 exd6 12. Bxd6 Rd8 13. Nb5 Ne4 14. Ba3 Bd7 15. Nf3 Re8 16. Kf1 Bc6 17. Bc4 Rad8 18. Re1 Bxd4 19. Nbxd4 Rxd4 20. Be2 Rdd8 21. Bxa6 bxa6 22. Kg1 Ng5 23. Rxe8+ Rxe8 24. h4 Nxf3+ 25. gxf3 Bxf3 26. Rh3 Bd5 27. Re3 Rxe3 28. fxe3 Bxa2 29. Be7 Kg7 30. Bd8 b5 31. b4 f6 32. Kf2 h6 33. Kg3 g5 34. Be7 Kg6 35. Bd8 Be6 36. Be7 Bc8 37. Bd8 Bf5 38. Be7 Be4 39. Bd8 Bc6 40. Be7 Bb7 41. Bd8 Bc8 42. Be7 Bd7 43. Bd8 Bf5 44. Be7 a5 45. bxa5 Bc8 46. Bb4 Kh5 47. Be1 gxh4+ 48. Kf4 h3 49. Kg3 Kg5 50. Bc3 h5 51. Kh2 f5 52. Kg3 h4+ 53. Kh2 Kg4 54. Bb4 Bb7 55. Bc5 Bg2 56. a6 Kf3 57. a7 Ke2 58. Kg1 Kd3 59. Kf2 Kc4 60. Be7 b4 61. Bxh4 Kc3 0-1

[Event "Swidnica op rap"]
[Site "?"]
[Date "1998.??.??"]
[Round "?"]
[White "Jedryczka Krystian"]
[Black "Ponomariov Ruslan"]
[Result "0-1"]
[WhiteElo "2440"]
[BlackElo "2580"]
[PlyCount "108"]
[EventDate "1998.??.??"]
[Source "www.chesslib.no"]
[SourceDate "2004.05.04"]

1. e4 c6 2. d4 d5 3. exd5 cxd5 4. c4 Nf6 5. Nc3 g6 6. Qb3 Bg7 7. cxd5 O-O 8. Bf4 Nbd7 9. Be2 Nb6 10. Bf3 e6 11. d6 Nfd5 12. Be5 Bxe5 13. dxe5 Qg5 14. Nge2 Qxe5 15. O-O Qxd6 16. Rfd1 Rd8 17. Rd4 Bd7 18. Nxd5 exd5 19. Bxd5 Nxd5 20. Rxd5 Qc7 21. Rc1 Bc6 22. Rxd8+ Rxd8 23. Rd1 Re8 24. Nd4 Qa5 25. Qc3 Qxc3 26. bxc3 Bd5 27. f3 Bc4 28. Kf2 Re5 29. Rd2 Ra5 30. Nb3 Rb5 31. Ke3 Kf8 32. Kd4 Bxb3 33. axb3 Rxb3 34. Ra2 a6 35. Re2 h5 36. c4 h4 37. h3 f5 38. Kd5 Kf7 39. c5 Rb4 40. Ra2 Kf6 41. f4 Ke7 42. Ke5 Re4+ 43. Kd5 Rb4 44. Ke5 Kd7 45. Rc2 a5 46. Rf2 Ke7 47. Rc2 a4 48. c6 bxc6 49. Rxc6 Re4+ 50. Kd5 Kf7 51. Rc7+ Kf6 52. Rc6+ Kg7 53. Rc7+ Kh6 54. Ra7 Rxf4 0-1

[Event "FRA-chT 9900"]
[Site "?"]
[Date "2000.04.29"]
[Round "8.2"]
[White "Bauer Christian"]
[Black "Koch Jean Rene"]
[Result "1/2-1/2"]
[WhiteElo "2517"]
[BlackElo "2498"]
[PlyCount "81"]
[EventDate "2000.??.??"]
[Source "www.chesslib.no"]
[SourceDate "2004.05.04"]

1. d4 g6 2. e4 c6 3. c4 d5 4. exd5 cxd5 5. Nc3 Nf6 6. Qb3 Bg7 7. cxd5 O-O 8. Be2 Nbd7 9. Bf3 Nb6 10. a4 a5 11. Nge2 Bg4 12. Bxg4 Nxg4 13. O-O Qd6 14. Nf4 Rfd8 15. Nb5 Qd7 16. Bd2 Nf6 17. Rfe1 Nbxd5 18. Nd3 b6 19. Ne5 Qb7 20. Rac1 Rac8 21. Rc3 e6 22. Rf3 Qe7 23. g4 Rf8 24. h3 Ne8 25. Nc3 Nec7 26. Ne4 f6 27. Nc4 Rb8 28. Ng3 Qd7 29. h4 Rfe8 30. h5 b5 31. axb5 Qxb5 32. Nxa5 f5 33. hxg6 hxg6 34. Qxb5 Nxb5 35. Nb3 Nxd4 36. Nxd4 Bxd4 37. gxf5 gxf5 38. Rd3 Bxb2 39. Nxf5 exf5 40. Rxe8+ Rxe8 41. Rxd5 1/2-1/2

[Event "Bern"]
[Site "Bern"]
[Date "1988.??.??"]
[Round "?"]
[White "King, Daniel J"]
[Black "Campora, Daniel Hugo"]
[Result "1/2-1/2"]
[WhiteElo "2475"]
[BlackElo "2540"]
[PlyCount "94"]
[EventDate "1988.02.??"]
[Source "ChessBase"]

1. e4 c6 2. d4 d5 3. exd5 cxd5 4. c4 Nf6 5. Nc3 g6 6. Qb3 Bg7 7. cxd5 O-O 8. Be2 Nbd7 9. Bf3 Nb6 10. Bg5 Bf5 11. Rd1 a5 12. Nge2 a4 13. Qb5 Ne8 14. Ng3 Nd6 15. Qe2 Re8 16. O-O Rc8 17. Bf4 a3 18. Rfe1 axb2 19. Qxb2 Nbc4 20. Qb4 Qd7 21. h3 Ra8 22. Be5 Bh6 23. Nxf5 gxf5 24. Re2 Ra6 25. a4 Rb6 26. Nb5 Nxb5 27. Qxc4 Nd6 28. Qd3 Qxa4 29. Bxd6 Rxd6 30. Re5 e6 31. dxe6 fxe6 32. d5 Bg7 33. Ree1 Qd7 34. Rxe6 Rexe6 35. dxe6 Rxd3 36. exd7 Rxd1+ 37. Bxd1 Bf6 38. f4 Kf7 39. Ba4 Bd8 40. Kf2 h6 41. Ke3 Ke6 42. Kd4 Bc7 43. Kc5 Ke7 44. Bc2 Kxd7 45. Bxf5+ Ke7 46. g3 h5 47. h4 Kf6 1/2-1/2

[Event "Palanga (URS)"]
[Site "?"]
[Date "1965.??.??"]
[Round "?"]
[White "Gipslis Aivars"]
[Black "Dydyshko Viacheslav"]
[Result "1/2-1/2"]
[WhiteElo "2429"]
[BlackElo "2581"]
[PlyCount "82"]
[EventDate "1965.??.??"]
[Source "www.chesslib.no"]
[SourceDate "2004.05.04"]

1. e4 d5 2. exd5 Nf6 3. c4 c6 4. d4 cxd5 5. Nc3 g6 6. cxd5 Bg7 7. Bc4 Nbd7 8. Bb3 Nb6 9. Qf3 Bg4 10. Qg3 Bf5 11. Nf3 Nbxd5 12. Ne5 O-O 13. O-O Rc8 14. Bd2 Nxc3 15. Bxc3 Be4 16. Rfe1 Bd5 17. Bc2 Qc7 18. Bd3 Rfd8 19. h3 b6 20. Rac1 Qb7 21. a3 Be4 22. Nxf7 Kxf7 23. Bxe4 Nxe4 24. Qf3+ Bf6 25. Rxe4 Rxd4 26. Rce1 Rxe4 27. Rxe4 Qd7 28. g4 Kg7 29. Qe3 Rc7 30. Bxf6+ exf6 31. Kg2 Qc6 32. Qf3 Qd7 33. b4 Kf7 34. Qb3+ Kg7 35. b5 Rc5 36. a4 Re5 37. Rxe5 fxe5 38. Qc4 Kf6 39. Kg3 Ke7 40. f4 exf4+ 41. Kxf4 Qd2+ 1/2-1/2